How economic growth can lead to less volatility: simple example
Enregistré dans:
| Auteur principal: | |
|---|---|
| Format: | Chapitre de livre |
| Langue: | anglais |
| Sujets: | |
| Tags: |
Pas de tags, Soyez le premier à ajouter un tag!
|
MARC
| LEADER | 00000nla a2200000 4500 | ||
|---|---|---|---|
| 001 | 0170040 | ||
| 005 | 20240502072938.2 | ||
| 041 | 0 | |a eng | |
| 044 | |a SK | ||
| 245 | 1 | 0 | |a How economic growth can lead to less volatility: simple example |c Daniel Dujava |
| 610 | 2 | 0 | |a rast hospodársky |
| 610 | 2 | 0 | |a modely rastu |
| 610 | 2 | 0 | |a krajiny vyspelé |
| 610 | 2 | 0 | |a šoky hospodárske |
| 100 | 1 | |a Dujava, Daniel | |